Renewable energy market & policy trends in IEA countries

Salvato in:
Dettagli Bibliografici
Ente Autore: OECD. International Energy Agency
Natura: Libro
Lingua:inglese
Pubblicazione: Paris OECD 2004
Soggetti:
Tags: Aggiungi Tag
Nessun Tag, puoi essere il primo ad aggiungerne!!

MARC

LEADER 00000nam$a2200000$$$4500
001 0021430
005 20240315121205.3
020 |a 92-64-10791-6 
041 0 |a eng 
044 |a FR 
245 1 0 |a Renewable energy  |b market & policy trends in IEA countries 
264 1 |a Paris  |b OECD  |c 2004 
300 |a 668 s. 
610 2 0 |a energia 
610 2 0 |a zdroje energie 
610 2 0 |a zdroje energetické 
610 2 0 |a zdroje energie obnoviteľné 
610 2 0 |a zásoby 
610 2 0 |a trh 
610 2 0 |a energia vodná 
610 2 0 |a hospodárstvo energetické 
610 2 0 |a úspory energie 
610 2 0 |a využitie energie 
610 2 0 |a energia geotermálna 
610 2 0 |a energia slnečná 
610 2 0 |a energia veterná 
610 2 0 |a bioenergetika 
610 2 0 |a porovnanie medzinárodné 
610 2 0 |a porovnanie štatistické medzinárodné 
610 2 0 |a svet 
610 2 0 |a OECD 
710 2 |a OECD. International Energy Agency